Protein engineering by semisynthesis / (Record no. 33795)
[ view plain ]
| 000 -LEADER | |
|---|---|
| fixed length control field | 00758nam a2200241 a 4500 |
| 001 - CONTROL NUMBER | |
| control field | u9786 |
| 003 - CONTROL NUMBER IDENTIFIER | |
| control field | SIRSI |
| 005 - DATE AND TIME OF LATEST TRANSACTION | |
| control field | 20180220094321.0 |
| 008 - FIXED-LENGTH DATA ELEMENTS--GENERAL INFORMATION | |
| fixed length control field | 001106s2000 flua b 001 0 eng d |
| 020 ## - INTERNATIONAL STANDARD BOOK NUMBER | |
| International Standard Book Number | 0849347274 |
| 039 #9 - LEVEL OF BIBLIOGRAPHIC CONTROL AND CODING DETAIL [OBSOLETE] | |
| -- | 200203190953 |
| -- | load |
| 050 ## - LIBRARY OF CONGRESS CALL NUMBER | |
| Classification number | TP248.65.P76 |
| Item number | P76 2000 |
| 245 00 - TITLE STATEMENT | |
| Title | Protein engineering by semisynthesis / |
| Statement of responsibility, etc. | [edited by] Carmichael J.A. Wallace. |
| 260 ## - PUBLICATION, DISTRIBUTION, ETC. | |
| Place of publication, distribution, etc. | Boca Raton, Fl. : |
| Name of publisher, distributor, etc. | CRC Press, |
| Date of publication, distribution, etc. | c2000. |
| 300 ## - PHYSICAL DESCRIPTION | |
| Extent | 284 p. : |
| Other physical details | ill. ; |
| Dimensions | 24 cm. |
| 504 ## - BIBLIOGRAPHY, ETC. NOTE | |
| Bibliography, etc. note | Includes bibliographical references and index. |
| 596 ## - | |
| -- | 1 |
| 650 #0 - SUBJECT ADDED ENTRY--TOPICAL TERM | |
| Topical term or geographic name entry element | Protein engineering. |
| 650 #0 - SUBJECT ADDED ENTRY--TOPICAL TERM | |
| Topical term or geographic name entry element | Proteins |
| General subdivision | Chemical modification. |
| 700 1# - ADDED ENTRY--PERSONAL NAME | |
| Personal name | Wallace, Carmichael J. A. |
| 910 ## - USER-OPTION DATA (OCLC) | |
| User-option data | hala |
| 942 ## - ADDED ENTRY ELEMENTS (KOHA) | |
| Koha item type | Books |
| Source of classification or shelving scheme | Library of Congress Classification |
| Withdrawn status | Lost status | Source of classification or shelving scheme | Damaged status | Not for loan | Home library | Current library | Date acquired | Total Checkouts | Full call number | Barcode | Date last seen | Copy number | Price effective from | Koha item type |
|---|---|---|---|---|---|---|---|---|---|---|---|---|---|---|
| Library of Congress Classification | Main | Main | 02/20/2018 | TP248.65.P76 P76 2000 | 0013141 | 02/20/2018 | 1 | 02/20/2018 | Books |